000 00622nac a22001691u 4500
020 _a0745634419
082 _a327.03
_bJ7101
090 _c2270
_d2270
100 _aJones, Andrew
245 _aDictionary of globalization /
_cAndrew Jones
260 _aCambridge :
_bPolity Press ,2006
_c2006.
300 _a258 p. ;
_c24 cm.
504 _aIncludes bibliography:p. 240-247 and index
650 _aGlobalization
_vDictionaries.
942 _cNB
_k327.03 J7101
999 _c2270
_d2270